Queridos monstruos

Sábháilte in:
Sonraí bibleagrafaíochta
Príomhchruthaitheoir: Bornemann, Elsa (Údar)
Formáid: LEABHAR
Teanga:Spáinnis
Foilsithe / Cruthaithe: Santiago Alfaguara 1994
Eagrán:1a. ed
Sraith:Juvenil alfaguara
Ábhair:
Clibeanna: Cuir clib leis
Níl clibeanna ann, Bí ar an gcéad duine le clib a chur leis an taifead seo!

MARC

LEADER 00000nam a2200000 a 4500
001 UCH8338
003 CL-VaPUC
008 091127e19940000CL |||||||||||||||||spa|d
020 |a 9505111274 
082 0 4 |a Ar863  |b BOR  |2 21 
100 |a Bornemann, Elsa  |e author  |9 545133 
245 1 0 |a Queridos monstruos 
246 1 0 |a Extraño amor 
246 1 3 |a El malo de la película 
246 1 0 |a Con la piel de gallina 
246 1 3 |a El loco de la patada 
246 1 3 |a La muerte se hospeda en El Blanqueado 
246 1 0 |a Queridos monstruos 
246 1 0 |a En el fondo del jardín 
246 1 6 |a Ellas también desean andar en bicicleta 
246 1 3 |a La Luisona 
246 1 0 |a Dónde queda el futuro? 
250 |a 1a. ed 
300 |a 178 p 
942 |c BK 
945 |d 20091127 00:00:00  |a lazolas 
260 |a Santiago  |b Alfaguara  |c 1994 
500 |a Diez cuentos para ponerte los pelos de punta 
500 |a Destinados a niños desde 11 años 
650 0 |a Literatura argentina  |9 320596 
650 0 |a Cuentos infantiles argentinos   |9 308508 
650 7 |a CUENTOS ARGENTINOS  |2 CL-VaPUC  |9 544869 
583 |a last modification  |c 20130327 12:43:17  |k Rodrigo Vera 
490 0 |a Juvenil alfaguara 
999 |c 338561  |d 338559